00741nam a2200229 a 450000100060000000300080000600500170001400800410003103500190007203500100009104000210010104100080012208200180013010000360014824500510018426000400023530000200027565100470029594200120034299900170035495201400037146317BD-RjUL20211209054133.0160801s1949 enk 000 0 eng d a(BD-RjUL)46435 a27720 aTUbengcTUdANL aeng a954bSUW 19491 aSuleri, Ziauddin Ahmad.914144310aWhither Pakistan? /cby Ziauddin Ahmad Suleri. aLondon :bEastern Publishers,c1949 a96 p. :c20 cm. 0aPakistanxPolitics and government.9128313 2ddccBK c46317d46317 00102ddc40708NFICaRUCLbRUCLcStackd1963-03-16eZeitlingerl2o954 SUW 1949r2017-11-22 00:00:00s2017-11-06tC-2w2016-08-01yBK